| 000 | 00963nam a22002775i 4500 | ||
|---|---|---|---|
| 001 | 178491 | ||
| 003 | ES-MaACL | ||
| 005 | 20230906220537.0 | ||
| 008 | 110603s1986 sp ao |||| | spa d | ||
| 020 | _a84-86152-21-6 | ||
| 080 | _a616.6:617(075.8) | ||
| 080 | _a616.5:617(075.8) | ||
| 100 | 1 |
_aLeiva Galvis, Óscar. _9146907 |
|
| 245 | 1 | 0 |
_aPatología quirúrgica _b: (urología y piel) / _c[cirugía urológica, Óscar Leiva Galvis, cirugía de la piel, J. A. de Diego Carmona]. |
| 260 |
_aMadrid : _bLuzán 5, _cD. L. 1986. |
||
| 300 |
_a453 p. : _bil. bl. y n. ; _c24 cm. |
||
| 490 | 1 |
_aPregrado quirúrgico ; _v5 |
|
| 500 | _aIncluye test al final. | ||
| 504 | _aBibliografía. | ||
| 650 | 4 |
_aUrología- _xCirugía. _9146908 |
|
| 650 | 4 |
_aDermatología- _xCirugía. _9146909 |
|
| 700 | 1 |
_aDiego Carmona, José A. de. _9146900 |
|
| 830 | 0 |
_aPregrado quirúrgico ; _v5 _9190997 |
|
| 852 |
_aES-MaACL _jE-15240 _xOlim P-600 |
||
| 999 |
_c178491 _d178491 |
||